00819nam a22002297a 4500999001700000003000400017005001700021008004100038020001800079040003200097092002300129100002500152245014200177250001200319260003200331300001100363650002300374650002700397700003100424942001300455952012100468 c36599d36599OSt20251107130903.0251107b ||||| |||| 00| 0 spa d a980-317-039-2 cBiblioteca Ernesto Sábato a331.481bC434eBMB aChaney, Elsa M., ed. aMuchacha, cachifa, criada, empleada, empregadinha, sirvienta y... más nadab: trabajadoras domésticas en América Latina y el Caribe a1a. ed. a FiladelfiabNueva Sociedad a420 p. aSERVICIO DOMESTICO aHOGAR-TRABAJADORAS DEL aGarcía Castro, Mary, ed. 2ddccBMB 00102ddc4070aAR-FADEUbAR-FADEUd2025-11-07i27044l0o331.481 C434p27044r2025-11-07 00:00:00w2025-11-07yBMB